Χιακή λαογραφία : επιλογή
Αποθηκεύτηκε σε:
| Κύριος συγγραφέας: | |
|---|---|
| Άλλοι συγγραφείς: | |
| Μορφή: | Βιβλίο |
| Γλώσσα: | Greek |
| Δημοσίευση: |
Χίος :
Φιλοτεχνικός Όμιλος Χίου, Ομήρειο Πνευματικό Κέντρο Δήμου Χίου,
1997
|
| Θέματα: | |
| Ετικέτες: |
Προσθήκη ετικέτας
Δεν υπάρχουν, Καταχωρήστε ετικέτα πρώτοι!
|
MARC
| LEADER | 00000cam a2200000 i 4500 | ||
|---|---|---|---|
| 001 | 1/23466 | ||
| 008 | 980519s1997 gre d | ||
| 020 | |a 960-85600-1-2 | ||
| 035 | |l 10067671 | ||
| 040 | |a GR-MY-UA |b gre |e aacr | ||
| 041 | 0 | |a gre | |
| 082 | 0 | |a 398.09499 | |
| 100 | 1 | |a Βίος, Στυλιανός Γ. | |
| 245 | 1 | 0 | |a Χιακή λαογραφία : |b επιλογή / |c Στυλιανός Γ. Βίος ; εισαγωγή και επιμέλεια: Στερ. Φασουλάκη |
| 260 | |a Χίος : |b Φιλοτεχνικός Όμιλος Χίου, |b Ομήρειο Πνευματικό Κέντρο Δήμου Χίου, |c 1997 | ||
| 300 | |a 93 σ. | ||
| 650 | 0 | |a Folklore |z Greece |z Chios (Municipality) | |
| 700 | 1 | |a Φασουλάκης, Στέργιος. |4 aui |4 edt | |
| 852 | |a INST |b CHIOS |e 19980519 |h 398.09499 ΒΙΟ |p 005200016504 |q 005200016504 |t BK |y 4 |x 20210114 | ||
| 852 | |a INST |b CHIOS |e 20011112 |h 398.09499 ΒΙΟ |p 005200020722 |q 005200020722 |t BK |y 0 | ||
| 901 | |a BIBL-1998-2 | ||
| 901 | |a BIBL2-2001-3 | ||
| 909 | |a Χ |b 054626 | ||
| 909 | |a Χ |b 098287 | ||
| 922 | |a 2ΔΩΡ |b 199805 |d ΟΜΗΡΕΙΟ | ||
| 922 | |a 2ΕΛΗ |b 200111 |c ΒΙΒΛΙΟΘΗΚΗ ΧΙΟΥ |d ΚΡΟΜΜΥΔΑΣ | ||
| 950 | |a 082-2001-10-31 | ||